000 00341 a2200157 4500
001 74877
020 _a9788586551277
040 _cAnchieta - Colégio São Paulo
100 _aMaciel, paulo
240 1 0 _aJoão de Gilu
_lpor
245 1 0 _aJoão de Gilu
300 _a260
362 0 _a2007
650 4 _aFicção brasileira
942 _cBK
999 _c74877
_d74877